000 02689cam a2200265 4500500
005 20260322004606.0
041 _afre
042 _adc
100 1 0 _aOh, Ingyu
_eauthor
700 1 0 _aLa Rocca, Fabio
_eauthor
700 1 0 _aSeol, Dong-Hoon
_eauthor
245 0 0 _aIntroduction: Affective Economies of Delay
260 _c2026.
500 _a29
520 _aThis special issue examines the role of popular culture in mediating reproductive imaginaries within low-fertility societies. Drawing on convergence culture theory, affective economies, and critical media studies, we argue that contemporary pop narratives—from Japanese shōjo manga to Chinese otome games and transnational celebrity culture—constitute an affective infrastructure that actively shapes attitudes toward intimacy and reproduction. The four contributions analyze how media commodifies delay as aesthetic experience, how audiences negotiate these scripts through participatory practices, and how celebrities’ extimate performances expose cultural tensions around reproductive pressure. We document a fundamental paradox: In an era of demographic crisis, mass media sells the aesthetics of postponement—deferred sex, delayed marriage, suspended reproduction—as entertainment, participating in a feedback loop wherein cultural imaginaries progressively redefine reproductive horizons.
520 _aCe numéro spécial examine le rôle des cultures populaires dans la médiation des imaginaires reproductifs au sein de sociétés à basse fécondité. Mobilisant la convergence culturelle, l’économie affective et les études médiatiques critiques, nous soutenons que les récits pop -- du manga shōjo aux jeux otome et célébrités transnationales -- constituent une infrastructure affective qui façonne activement les attitudes face à l’intimité et à la reproduction. Les quatre contributions analysent comment les médias transforment le report en marchandise esthétique, comment les publics négocient ces scripts, et comment les performances extimes révèlent les tensions reproductives. Nous documentons un paradoxe : en période de crise démographique, les médias vendent l’esthétique du report comme divertissement, participant d’une boucle où les imaginaires culturels redéfinissent les horizons reproductifs.
690 _aculture populaire
690 _aimaginaires
690 _apratiques sociales
690 _aimaginaries
690 _apopular culture
690 _asocial practices
786 0 _nSociétés | 169 | 3 | 2026-03-11 | p. 7-18 | 0765-3697
856 4 1 _uhttps://shs.cairn.info/revue-societes-2025-3-page-7?lang=en&redirect-ssocas=7080
999 _c1741554
_d1741554